Theory of Machines / (Record no. 14811)
[ view plain ]
| 000 -LEADER | |
|---|---|
| fixed length control field | 00327cam a2200133ua 4500 |
| 020 ## - INTERNATIONAL STANDARD BOOK NUMBER | |
| ISBN | 9789351343479 |
| 082 ## - DEWEY DECIMAL CLASSIFICATION NUMBER | |
| Classification number | 621.801 |
| Item number | RAT/TH |
| 100 ## - MAIN ENTRY--AUTHOR NAME | |
| Personal name | Rattan, S.S . |
| 245 ## - TITLE STATEMENT | |
| Title | Theory of Machines / |
| 250 ## - EDITION STATEMENT | |
| Edition statement | 4th |
| 260 ## - PUBLICATION, DISTRIBUTION, ETC. (IMPRINT) | |
| Place of publication | New Delhi : |
| Name of publisher | Tata Mc-Graw Hill Publishing Company , |
| Year of publication | 2016 |
| 300 ## - PHYSICAL DESCRIPTION | |
| Number of Pages | 796p |
| 942 ## - ADDED ENTRY ELEMENTS (KOHA) | |
| Koha item type | Books |
| Withdrawn status | Lost status | Damaged status | Collection code | Home library | Current library | Shelving location | Date acquired | Source of acquisition | Cost, normal purchase price | Full call number | Accession Number | Koha item type |
|---|---|---|---|---|---|---|---|---|---|---|---|---|
| KAUAET | KAUAET | General Stacks | 24/03/2017 | Calicut Books, Calicut | 625.00 | 621.801 RAT/TH | 25238 | Books | ||||
| KAUAET | KAUAET | General Stacks | 24/03/2017 | Calicut Books, Calicut | 625.00 | 621.801 RAT/TH | 25239 | Books | ||||
| KAUAET | KAUAET | General Stacks | 24/03/2017 | Calicut Books, Calicut | 625.00 | 621.801 RAT/TH | 25240 | Books |
